000
00339 a2200157 4500
001
59090
020
_a
8508019254
040
_c
Anchieta - Pituba
100
_a
Ladeira, Julieta de Godoy
240
1
0
_a
Recife dos holandeses
_l
por
245
1
0
_a
Recife dos holandeses
300
_a
32
362
0
_a
1987
650
4
_a
Brasil
942
_c
BK
999
_c
59090
_d
59090